| 000 | 00512nam a2200169Ia 4500 | ||
|---|---|---|---|
| 003 | OSt | ||
| 005 | 20200623095034.0 | ||
| 008 | 190216s9999||||xx |||||||||||||| ||und|| | ||
| 040 | _coclc | ||
| 082 |
_a954 _bTHA/H |
||
| 100 |
_aThapar, Romila _9444 |
||
| 245 | 0 |
_aHistorical Interpretations And The Secularising Of Indian Society / _cRomila Thapar |
|
| 260 |
_bVisthar Publications, _c1999. _aBanglore: |
||
| 300 | _a29p | ||
| 650 | _aHistory | ||
| 942 |
_cBK _2ddc _h954 _iTHA/H _k954 _mTHA/H |
||
| 999 |
_c20766 _d20766 |
||